• 首页
  • 本馆介绍
  • 公告通知
  • 最新文献
  • 馆藏检索
  • 电子资源
  • 读者导购
  • 参考咨询
  • 我的图书馆
  • 登录
  • 详细信息显示
  • 放入我的书架
  • 预约/预借图书
  • 作者相关作品
  • 分类相关作品
  • 丛书相关作品
  • 出版社相关作品

书目信息

  • 表格格式
  • 工作单格式
  • 卡片格式
题名:
日本军国主义侵华资料长编
    
 
作者: 《大本营陆军部》 摘译
分册: 中  
出版信息: 成都   四川人民出版社  1987.04
页数: 795页
开本: 19cm
丛书名:
单 册:
中图分类: K265.3
科图分类:
主题词: 日本--侵华--历史--1937~1945
电子资源:
ISBN:
000 00618nam0 2200193 45
001 0405171722
005 20050419165233.4
010    @dCNY5.67
100    @a20040517d1987 km y0chiy0120 ea
101 0  @achi
105    @a z 000yy
200 1  @a日本军国主义侵华资料长编@ARi Ben Jun Guo Zhu Yi Qin Hua Zi Liao Chang Bian@h中@f《大本营陆军部》摘译@F《Da Ben Ying Lu Jun Bu》Zhai Yi
210    @a成都@c四川人民出版社@d1987.04
215    @a795页@d19cm
606 0  @a日本@x侵华@z历史@z1937~1945
690    @aK265.3@v3
701  0 @a《大本营陆军部》@4摘译
801    @aCN@bPftUser@c20040517
905    @dK265.3@e31:2@f1@b211381
    
    日本军国主义侵华资料长编.中/《大本营陆军部》摘译.-成都:四川人民出版社,1987.04
    795页;19cm
    
    
    ISBN :CNY5.67
    
●
相关链接 在E读中查询图书 在五车中查询图书 在当当中查询图书 在豆瓣中查询图书


正题名:日本军国主义侵华资料长编     索取号:K265.3/31:2         预约/预借

序号 登录号 条形码 馆藏地/架位号 状态 备注
1 0211380   000354994   第二借阅区/ [索取号:K265.3/31:2] 在馆    
2 0211381   002032918   第二借阅区/ [索取号:K265.3/31:2] 在馆    
3 0211382   202086232   第二样本阅览室/ [索取号:K265.3/31:2] 在馆    
唐山师范学院图书馆 欢迎您!
大连网信软件有限公司© 版权所有